| 000 | 00405pab a2200169 454500 | ||
|---|---|---|---|
| 008 | 180718b2000 xxu||||| |||| 00| 0 eng d | ||
| 100 | _aGhosh, Arun | ||
| 245 | _aFood policy in a total mess | ||
| 260 | _c2000 | ||
| 300 | _ap.14 | ||
| 362 | _a31 Oct | ||
| 650 | _aAgriculture - India | ||
| 650 | _aFood industry - India | ||
| 650 | _aFood supply | ||
| 773 | _aHindu(Business Line) | ||
| 909 | _a47966 | ||
| 999 |
_c47966 _d47966 |
||